<?xml version='1.0' encoding='UTF-8'?>
  <record xmlns="http://www.loc.gov/MARC21/slim">
    <leader>00000ctm a22000002i 4500</leader>
    <controlfield tag="001">on1569030838</controlfield>
    <controlfield tag="003">OCoLC</controlfield>
    <controlfield tag="005">20260302091422.8</controlfield>
    <controlfield tag="008">260116m17701775ne            000 0 dut d</controlfield>
    <datafield tag="040" ind1=" " ind2=" ">
      <subfield code="a">QGJ</subfield>
      <subfield code="b">eng</subfield>
      <subfield code="e">rda</subfield>
      <subfield code="e">dcrmmss</subfield>
      <subfield code="c">QGJ</subfield>
      <subfield code="d">QGJ</subfield>
    </datafield>
    <datafield tag="035" ind1=" " ind2=" ">
      <subfield code="a">(OCoLC)1569030838</subfield>
    </datafield>
    <datafield tag="242" ind1="1" ind2="0">
      <subfield code="a">Simon van Someren Brand autograph album.</subfield>
      <subfield code="y">eng</subfield>
    </datafield>
    <datafield tag="242" ind1="1" ind2="0">
      <subfield code="a">Album amicorum van Simon van Someren Brand.</subfield>
      <subfield code="y">dut</subfield>
    </datafield>
    <datafield tag="245" ind1="0" ind2="0">
      <subfield code="a">Album amicorum Simon van Someren Brand,</subfield>
      <subfield code="f">UBU Hs 35 A 26</subfield>
    </datafield>
    <datafield tag="264" ind1=" " ind2="0">
      <subfield code="a">[Utrecht],</subfield>
      <subfield code="c">approximately 1770-1775.</subfield>
    </datafield>
    <datafield tag="300" ind1=" " ind2=" ">
      <subfield code="a">89 leaves ;</subfield>
      <subfield code="c">13 x 20 cm (4to)</subfield>
    </datafield>
    <datafield tag="336" ind1=" " ind2=" ">
      <subfield code="a">text</subfield>
      <subfield code="b">txt</subfield>
      <subfield code="2">rdacontent</subfield>
    </datafield>
    <datafield tag="337" ind1=" " ind2=" ">
      <subfield code="a">unmediated</subfield>
      <subfield code="b">n</subfield>
      <subfield code="2">rdamedia</subfield>
    </datafield>
    <datafield tag="338" ind1=" " ind2=" ">
      <subfield code="a">volume</subfield>
      <subfield code="b">nc</subfield>
      <subfield code="2">rdacarrier</subfield>
    </datafield>
    <datafield tag="340" ind1=" " ind2=" ">
      <subfield code="a">paper</subfield>
      <subfield code="2">rdamat</subfield>
    </datafield>
    <datafield tag="340" ind1=" " ind2=" ">
      <subfield code="m">4to</subfield>
      <subfield code="2">rdabf</subfield>
    </datafield>
    <datafield tag="500" ind1=" " ind2=" ">
      <subfield code="a">Blank leaves: 1-26, 46, 51, 53-56, 59-89.</subfield>
    </datafield>
    <datafield tag="520" ind1="2" ind2=" ">
      <subfield code="a">Contains 28 entries written by the members of the famous Utrecht literary society "Dulces ante omnia musae". Mostly dating to 1770-1775, the were written by the friends an fellow students of Simon Brand van Someren (1752-1800), who had the strongest interest in literature and was also a member. As his friends tried to match the high standards of the society, the entries are of particular interest for their literary merits. Three of the entries are inscribed in 1794, during Brand's time in Zutphen. --</subfield>
      <subfield code="c">Information provided by antiquarian</subfield>
    </datafield>
    <datafield tag="524" ind1="8" ind2=" ">
      <subfield code="a">Cite as: Universiteitsbibliotheek Utrecht Hs 35 A 26</subfield>
    </datafield>
    <datafield tag="541" ind1=" " ind2=" ">
      <subfield code="c">Purchase;</subfield>
      <subfield code="a">Asher (Firm);</subfield>
      <subfield code="b">t Goy-Houten;</subfield>
      <subfield code="d">2026</subfield>
    </datafield>
    <datafield tag="545" ind1="0" ind2=" ">
      <subfield code="a">Simon Brand van Someren (Gorinchem, 1752-Dordrecht, 1800) was a very eloquent minister and eminent theologian, who studied at Utrecht University. He was entered in the Album Studiosorum in 1774, the year he received his doctoral degree in philosophy with the dissertation "Dissertatio moralis de legibus divinis positivis universalibus". From 1775 he served as a minister in Vuren (1755), Maasland (1777), Zutphen (1798) and Dordrecht (1800).</subfield>
    </datafield>
    <datafield tag="546" ind1=" " ind2=" ">
      <subfield code="a">Entries in Dutch, French or Latin, often with a Latin, Greek or Hebrew "symbolum".</subfield>
    </datafield>
    <datafield tag="563" ind1=" " ind2=" ">
      <subfield code="a">Contemporary gold-tooled mottled calf, sewn on 4 supports with the corresponding raised bands on the spine, in the center of both covers an inlay of plain, somewhat lighter calf, with "Album Amicorum" lettered in gold on the front, and "S[imo]n. Brand L[itt.]. H[um.]. S[tud.]. 1770 on the back, both surounded by two ornamental borders, gold-tooled board edges, marbled endpapers, gilt edges. The album was bound by the so-called Lacework Bindery (1762-1770).</subfield>
    </datafield>
    <datafield tag="650" ind1=" " ind2="0">
      <subfield code="a">Autograph albums.</subfield>
    </datafield>
    <datafield tag="650" ind1=" " ind2="6">
      <subfield code="a">Autographes</subfield>
      <subfield code="x">Albums.</subfield>
    </datafield>
    <datafield tag="650" ind1=" " ind2="7">
      <subfield code="a">autograph albums.</subfield>
      <subfield code="2">aat</subfield>
    </datafield>
    <datafield tag="650" ind1=" " ind2="7">
      <subfield code="a">Autograph albums</subfield>
      <subfield code="2">fast</subfield>
    </datafield>
    <datafield tag="650" ind1=" " ind2="7">
      <subfield code="a">Autographs</subfield>
      <subfield code="2">fast</subfield>
    </datafield>
    <datafield tag="651" ind1=" " ind2="7">
      <subfield code="a">Netherlands</subfield>
      <subfield code="2">fast</subfield>
      <subfield code="1">https://id.oclc.org/worldcat/entity/E39PBJk4D96j3YTHJQfHCV3vpP</subfield>
    </datafield>
    <datafield tag="650" ind1=" " ind2="7">
      <subfield code="a">Stammbuch</subfield>
      <subfield code="2">gnd</subfield>
    </datafield>
    <datafield tag="650" ind1="1" ind2="7">
      <subfield code="a">Alba amicorum.</subfield>
      <subfield code="2">gtt</subfield>
    </datafield>
    <datafield tag="700" ind1="1" ind2="0">
      <subfield code="a">Brand van Someren, Simon,</subfield>
      <subfield code="d">1752-1800,</subfield>
      <subfield code="e">former owner,</subfield>
      <subfield code="e">dedicatee.</subfield>
      <subfield code="4">fmo</subfield>
      <subfield code="4">dte</subfield>
    </datafield>
    <datafield tag="700" ind1="1" ind2=" ">
      <subfield code="a">Haas, Hendrik de,</subfield>
      <subfield code="d">1732-1809,</subfield>
      <subfield code="e">binder.</subfield>
      <subfield code="4">bnd</subfield>
      <subfield code="1">https://id.oclc.org/worldcat/entity/E39PBJyMfxqvpDymw9J73vD8YP</subfield>
    </datafield>
    <datafield tag="710" ind1="2" ind2=" ">
      <subfield code="a">Universiteit Utrecht.</subfield>
      <subfield code="b">Bibliotheek.</subfield>
      <subfield code="k">Manuscript</subfield>
      <subfield code="n">Hs 35 A 26.</subfield>
    </datafield>
  </record>